Personnalités ayant été apatrides - Statistiques

Statistiques générales
  • Ce quiz a été pris 25 fois
  • Le résultat moyen est 5 sur 14
Statistiques - réponses
Hint Réponse % Correct
Apatride pendant 5 ans, ce physicien aura eu quatre nationalités pendant sa vie. Albert Einstein
83%
Cette jeune fille vivant aux Pays-Bas a été déchue de sa nationalité allemande peu avant sa mort. Anne Frank
78%
Il a été déchu de sa nationalité saoudienne en 1994. Oussama Ben Laden
61%
D'origine autrichienne, il devient apatride puis allemand. Adolf Hitler
50%
Réfugiée en France pour fuir l'antisémitisme, cette philosophe est devenue américaine en 1950. Hannah Arendt
33%
Célèbre philosophe prussien, il devient apatride en 1845. Karl Marx
33%
Personnalité politique et militante née dans un camp de réfugiés, elle a obtenu la nationalité française en 2010. Rima Hassan
28%
Ce footballeur est né sur une pirogue dans l'Atlantique, avant de devenir français. Rio Mavuba
28%
Homme politique né dans le sud de la France, il obtient la nationalité allemande puis la nationalité française. Daniel Cohn-Bendit
22%
Philosophe d'origine prussienne, il abandonna sa nationalité en 1869, à 24 ans. Friedrich Nietzsche
22%
Panthéonisé avec sa femme, ce résistant a longtemps été apatride Missak Manouchian
17%
Apatride jusqu'à ses 21 ans, cette membre de l'Académie française est la cousine de la présidente de son pays d'origine. Hélène Carrère d'Encausse
11%
Né en Argentine dans une famille juive de Lituanie, cet écrivain a obtenu la nationalité française en 1922, quarante ans avant de rentrer à l'Académie française. Joseph Kessel
11%
Célèbre homme politique en Géorgie et en Ukraine, il fut apatride entre 2017 et 2019 Mikheil Saakachvili
11%
Aucun quiz correspondant
Distribution des résultats
% des personnes avec chaque résultat
Percentile par nombre de réponses
Votre historique - résultats
Vous n’avez pas pris ce quiz